Music Quiz

Random Music or Lyrics Quiz
Score 0/223 Timer 10:00
0 Plays Today
Doompedee-lyrics % Correct
PRE-VERSE CHORUSES
100%
do!
100%
doompadee
99.9%
doompadee-doo,
99.9%
doompadee-dee,
99.9%
a) AUGUSTUS verse
99.9%
b) VIOLET verse
99.9%
c) VERUCA verse
99.9%
d) MIKE verse
99.9%
POST-VERSE CHORUSES
99.9%
doompadee-dah
99.9%
go
99.9%
Oompa
90.4%
Oompa
90.3%
Oompa
90.3%
Oompa
90.3%
I
89.8%
a perfect/another
89.6%
Loompa
89.1%
Loompa
89%
Loompa
89%
Loompa
89%
you!
89%
you
89%
you
89%
you
89%
you
89%
you
89%
you
89%
you
89%
You
89%
you
89%
you
89%
you
89%
you
89%
You
89%
a
88.9%
a
88.9%
a...
88.9%
a
88.9%
a
88.9%
a...
88.9%
a
88.9%
A
88.9%
a
88.9%
do
82%
do
82%
do
82%
do
82%
for
80.5%
What
77.7%
What
77.7%
What
77.7%
What
77.7%
got
75.6%
when
75.4%
when
75.4%
when
75.4%
to
73.1%
to...
73.1%
to
73.1%
an
73%
an
73%
the
72.9%
The
72.9%
the
72.9%
The
72.9%
the
72.9%
the
72.9%
the
72.9%
get
72%
get
72%
get
72%
get
72%
get
72%
Doompedee-lyrics % Correct
get
72%
g e t
72%
I've
71.9%
If
68.7%
a) If
68.7%
c) If
68.7%
d) If
68.7%
me!
67.3%
are
65.5%
are
65.5%
puzzle
61%
listen
59.5%
of...
57.7%
of
57.7%
of
57.7%
of
57.7%
fat?
57.7%
will
57.4%
will
57.4%
will
57.4%
like
57.2%
like
57.2%
like
57.2%
and
56.8%
and
56.8%
and
56.8%
and
56.8%
and
56.8%
and
56.8%
and
56.8%
you'll
55.8%
You'll
55.8%
no...
55.8%
You'll
55.8%
no...
55.8%
You'll
55.8%
no...
55.8%
You'll
55.8%
no...
55.8%
Y o u ' l l
55.8%
n o
55.8%
is
55.5%
is
55.5%
in
55%
in
55%
in
55%
it!
54.7%
It
54.7%
wise,
54.6%
your
54.4%
your
54.4%
that?
54.2%
that
54.2%
think
50.4%
as
50.1%
as
50.1%
don't
50%
don't
50%
Who
49.3%
brat?
47%
TV?
46.8%
much
46.4%
too,
45.9%
down
45.5%
look
45.2%
look?
45.2%
Eating
44.9%
sweets?
44.2%
elephant
43.7%
kid
42%
eats.
41.8%
come...
40.7%
then
40.1%
Why
39.7%
father!
38.1%
Doompedee-lyrics % Correct
mother
38%
not
37.4%
not
37.4%
not
37.4%
not
37.4%
Gum
37.2%
from
37.2%
from
37.2%
blame
36.9%
blame:
36.9%
guzzle
36.8%
you're
36.5%
you're
36.5%
you're
36.5%
all
35.6%
live
35.3%
know
35.1%
chewing's
34.7%
chewing
34.7%
chewing
34.7%
far.
34.5%
at
33.2%
happiness
33.1%
cat.
32.2%
it's
32.1%
it's
32.1%
day
31.9%
does!
30%
But
29.1%
glut
27.9%
getting
27.7%
spoiled
27.6%
spoiled,
27.6%
long.
27%
fine
26.7%
Siamese...
26.5%
just
26%
who's...
25.7%
cow
25.7%
while.
25.4%
terribly
25.3%
once
24.8%
way
24.8%
pain
24.6%
Or
23.9%
greedy,
23.5%
greedy,
23.5%
neck
23.1%
smile.
22.8%
try
22.8%
could
22.6%
book?
22.5%
three.
21.3%
brightens
20.3%
IQ
19.8%
reading
19.7%
c o m m e r c i a l s !
19.7%
exactly
19.6%
good
18.7%
stops
18%
shame.
17.4%
wrong,
17.2%
smoking
17%
Pampered
16%
simply
15.1%
lie
13.8%
revolting,
12.9%
bear
12.9%
repulsive,
12.3%
kids
12%
Blaming
11.5%
manners,
8.6%
b) Given
7.5%
Remove Ads.
Support Sporcle.
Get the best of Sporcle when you Go Orange. This ad-free experience offers more features, more stats, and more fun while also helping to support Sporcle. Thank you for becoming a member.

You're not logged in!

Compare scores with friends on all Sporcle quizzes.
OR
Log In

Show Comments

Extras

Top Quizzes Today


Score Distribution

Your Account Isn't Verified!

In order to create a playlist on Sporcle, you need to verify the email address you used during registration. Go to your Sporcle Settings to finish the process.

Report this User

Report this user for behavior that violates our Community Guidelines.

Details: